| 000 | 00940nam a22002897i 4500 | ||
|---|---|---|---|
| 003 | URS | ||
| 005 | 20220117150801.0 | ||
| 008 | 170710b xxu||||| |||| 00| 0 eng d | ||
| 020 | _a9789711902315 (pbk.) | ||
| 040 |
_aDLAW _erda _cURS _beng |
||
| 041 | 0 | _aeng | |
| 050 | 1 | 4 |
_aDS 672.8 _b.P649 2008 |
| 100 | 1 |
_aPimentel, Aquilino Q. _eauthor. |
|
| 245 | 1 | 0 |
_aJunketing : _bsenatorial style / _cAquilino Pimentel Jr. |
| 264 | 1 |
_aMandaluyong City : _bCacho Publishing House, _c[2008] |
|
| 264 | 4 | _c©2008. | |
| 300 |
_axiii, 278 pages : _billustrations ; _c23 cm |
||
| 336 |
_atext _btxt _2rdacontent |
||
| 337 |
_aunmediated _bn _2rdamedia |
||
| 338 |
_avolume _bnc _2rdacarrier |
||
| 600 | 1 | 0 |
_aPimentel, Aquilino Q. _xTravel. |
| 651 | 0 |
_aPhilippines _xOfficials and employees _xTravel. |
|
| 651 | 0 |
_aPhilippines _xForeign relations. |
|
| 651 | 0 |
_aPhilippines _xPolitics and government _y21st century. |
|
| 942 |
_2lcc _cF |
||
| 999 |
_c5878 _d5878 |
||